| 000 | 00365nam a22001577a 4500 | ||
|---|---|---|---|
| 020 | _a81-8360-095-6 | ||
| 041 | _aENG | ||
| 100 | _aSingh.I.P | ||
| 245 | _aMaterials Science and Engineering | ||
| 250 | _aEleventh Edition | ||
| 260 |
_aNew Delhi _bJain Brothers _c2012 |
||
| 300 | _a696 | ||
| 650 | _aFMP | ||
| 700 | _aChander.S , Prasad.R.K | ||
| 856 | _uFMP ( 04 ) | ||
| 999 |
_c1415 _d1415 |
||